AN INTRODUCTION TO LIGUISTICS, LANGUAGE, GRAMMAR AND SEMANTICS (Record no. 22014)

MARC details
000 -LEADER
fixed length control field 00351nam a22001457a 4500
003 - CONTROL NUMBER IDENTIFIER
control field SGT
020 ## - INTERNATIONAL STANDARD BOOK NUMBER
International Standard Book Number 9789384052379
082 ## - DEWEY DECIMAL CLASSIFICATION NUMBER
Classification number 410,SYA
100 ## - MAIN ENTRY--PERSONAL NAME
Personal name SYAL, PUBLISHARS
245 ## - TITLE STATEMENT
Title AN INTRODUCTION TO LIGUISTICS, LANGUAGE, GRAMMAR AND SEMANTICS
260 ## - PUBLICATION, DISTRIBUTION, ETC. (IMPRINT)
Place of publication, distribution, etc NEW DELHI
Name of publisher, distributor, etc PHI LEARNIG
300 ## - PAGE DESCRIPTION
No. of Pages 175
650 ## - SUBJECT ADDED ENTRY--TOPICAL TERM
Topical term or geographic name as entry element LIGUISTICS
942 ## - ADDED ENTRY ELEMENTS (KOHA)
Source of classification or shelving scheme Dewey Decimal Classification
Koha item type Books
Holdings
Withdrawn status Lost status Source of classification or shelving scheme Damaged status Use restrictions Not for loan Collection code Home library Current library Shelving location Date acquired Vendor Name Cost, normal purchase price SGTU Full call number Accession No. (Barcode) Date last seen Bill Date Koha item type Total Checkouts Date last borrowed
    Dewey Decimal Classification   Restricted Access Not For Loan ENGINEERING SGT Engineering Library SGT Engineering Library Reference Book 22/11/2021 SBD SUBSCRIPTION SERVICES 195.00 SGTU 410,SYA FE8236 22/11/2021   Books    
    Dewey Decimal Classification       ENGINEERING SGT Engineering Library SGT Engineering Library Text Book 22/11/2021 SBD SUBSCRIPTION SERVICES 195.00 SGTU 410,SYA FE8237 17/03/2022   Books 1 08/12/2021